پریم چند کا تنقیدی مطالعہ بہ حیثیت ناول نگار ;; prim chand ka taqdeedi mota'la bah haisiat naul nagar / (Record no. 40191)
[ view plain ]
| 000 -LEADER | |
|---|---|
| fixed length control field | 00808nam a2200229 a 4500 |
| 001 - CONTROL NUMBER | |
| control field | 40191 |
| 003 - CONTROL NUMBER IDENTIFIER | |
| rucl marc code | BD-RjUL |
| 005 - DATE AND TIME OF LATEST TRANSACTION | |
| control field | 20220621132904.0 |
| 008 - FIXED-LENGTH DATA ELEMENTS--GENERAL INFORMATION | |
| fixed length control field | 220621s1959 ii ||||| |||| 00| 0 urd d |
| 020 ## - INTERNATIONAL STANDARD BOOK NUMBER | |
| Terms of availability | : IRs 300.00 |
| 035 ## - SYSTEM CONTROL NUMBER | |
| System control number | (BD-RjUL) |
| 040 ## - CATALOGING SOURCE | |
| Original cataloging agency | BD-RjUL |
| Language of cataloging | urd |
| Transcribing agency | BD-RjUL |
| 041 ## - LANGUAGE CODE | |
| Language code of text/sound track or separate title | urd |
| 082 ## - DEWEY DECIMAL CLASSIFICATION NUMBER | |
| Edition number | 23 |
| Classification number | 891.43909 |
| Author mark and year | RAP 1959 |
| 100 ## - MAIN ENTRY--PERSONAL NAME | |
| Personal name | Raiyce, Qamar |
| 9 (RLIN) | 123758 |
| 245 10 - TITLE STATEMENT | |
| Title | پریم چند کا تنقیدی مطالعہ بہ حیثیت ناول نگار ;; prim chand ka taqdeedi mota'la bah haisiat naul nagar / |
| Statement of responsibility, etc. | qamar riyce ;; قمر رئیس |
| 260 ## - PUBLICATION, DISTRIBUTION, ETC. (IMPRINT) | |
| Place of publication, distribution, etc. | delhi : |
| Name of publisher, distributor, etc. | Ustad su;bai urdu, |
| Date of publication, distribution, etc. | 1959 |
| 300 ## - PHYSICAL DESCRIPTION | |
| Pagination | 560 p. ;. |
| Size | 18 cm |
| 600 ## - SUBJECT ADDED ENTRY--PERSONAL NAME | |
| Personal name | Premacanda, |
| General subdivision | Criticism and interpretation. |
| Dates associated with a name | 1881-1936 |
| 650 ## - SUBJECT ADDED ENTRY--TOPICAL TERM | |
| Topical term or geographic name as entry element | Urdu Literature |
| 9 (RLIN) | 3797 |
| Form subdivision | History & Criticism |
| 942 ## - ADDED ENTRY ELEMENTS (KOHA) | |
| Source of classification or shelving scheme | Dewey Decimal Classification |
| Koha item type | Books |
| Lost status | Source of classification or shelving scheme | Damaged status | Not for loan | Collection code | Permanent Location | Current Location | Shelving location | Date acquired | Source of acquisition | Cost, normal purchase price | Full call number | Date last seen | Copy number | Koha item type |
|---|---|---|---|---|---|---|---|---|---|---|---|---|---|---|
| Dewey Decimal Classification | Not For Loan | Non-fiction | Central Library, University of Rajshahi | Central Library, University of Rajshahi | Reading Room | 12/10/1973 | Quan manjil, Rajshahi | 7.50 | U 891.43909 RAP 1959 | 21/06/2022 | C-1 | Books |